| Tag |
First Indicator |
Second Indicator |
Subfields |
| LEADER |
00000cam a2200000Ia 4500 |
| 001 |
in00002463521 |
| 005 |
20211202191136.0 |
| 006 |
m d f |
| 007 |
cr bn||||||||| |
| 008 |
090320s2008 dcu sb f000 0 eng d |
| 035 |
|
|
|a (OCoLC)ocn316509616
|
| 040 |
|
|
|a GPO
|c GPO
|d GPO
|d MvI
|d UtOrBLW
|
| 049 |
|
|
|a WWW
|
| 074 |
|
|
|a 0499-T-02 (online)
|
| 086 |
0 |
|
|a HE 20.4802:P 49/2
|
| 111 |
2 |
|
|a International Conference on Harmonisation.
|
| 245 |
1 |
0 |
|a Evaluation and recommendation of pharmacopoeial texts for use in the ICH regions on Uniformity of Dosage Units, General Chapter.
|
| 246 |
3 |
0 |
|a ICH regions on Uniformity of Dosage Units, General Chapter
|
| 246 |
1 |
4 |
|a Q4B evaluation and recommendation of pharmacopoeial texts for use in the ICH regions
|
| 264 |
|
1 |
|a [Rockville, Md.] :
|b [U.S. Food and Drug Administration, Center for Biologics Evaluation and Research],
|c [2008]
|
| 300 |
|
|
|a 3 pages :
|b digital, PDF file.
|
| 336 |
|
|
|a text
|b txt
|2 rdacontent
|
| 337 |
|
|
|a computer
|b c
|2 rdamedia
|
| 338 |
|
|
|a online resource
|b cr
|2 rdacarrier
|
| 538 |
|
|
|a Mode of access: Internet at the FDA Web site. Address as of 3/20/09: http://www.fda.gov/cder/guidance/8666dft.pdf ; current access is available via PURL.
|
| 500 |
|
|
|a Title from PDF title page (viewed on Mar. 19, 2009).
|
| 500 |
|
|
|a "Q4B annex 6."
|
| 500 |
|
|
|a "Draft consensus guideline."
|
| 500 |
|
|
|a "Current step 2 version dated 13 November 2008."
|
| 504 |
|
|
|a Includes bibliographical references (pages 2-3).
|
| 500 |
|
|
|a Electronic resource.
|
| 650 |
|
0 |
|a Drugs
|x Dosage.
|
| 710 |
2 |
|
|a Center for Biologics Evaluation and Research (U.S.)
|
| 856 |
4 |
0 |
|u https://purl.fdlp.gov/GPO/LPS110450
|t 0
|
| 999 |
|
|
|a MARS
|
| 999 |
f |
f |
|s 97bdf15a-94be-3c6e-8271-e13e548190b7
|i abe178b9-f0a0-3e7e-a6c7-092b2d692177
|t 0
|
| 952 |
f |
f |
|a Texas A&M University
|b College Station
|c Electronic Resources
|d Available Online
|t 0
|e HE 20.4802:P 49/2
|h Superintendent of Documents classification
|
| 998 |
f |
f |
|a HE 20.4802:P 49/2
|t 0
|l Available Online
|